Clic Candidats à la présidence en France Hommes ou femmes ? - Statistiques

Statistiques générales
  • Ce quiz a été pris 27 fois
  • Le résultat moyen est 53 sur 60
Statistiques - réponses
Hint Explanation Réponse % Correct
Rocard Michel Homme
100%
Poher Alain Homme
100%
Marchais Georges Homme
100%
Debré Michel Homme
100%
Hue Robert Homme
100%
De Villiers Philippe Homme
100%
Cheminade Jacques Homme
100%
Besancenot Olivier Homme
100%
Saint-Josse Jean Homme
100%
Madelin Alain Homme
100%
Mégret Bruno Homme
100%
Gluckstein Daniel Homme
100%
Nihous Frédéric Homme
100%
Dupont-Aignan Nicolas Homme
100%
Hamon Benoît Homme
100%
Lassalle Jean Homme
100%
Zemmour Eric Homme
100%
Roussel Fabien Homme
100%
Jospin Lionel Homme
100%
Ducatel Louis Homme
96%
Dumont René Homme
96%
Héraud Guy Homme
96%
Barre Raymond Homme
96%
Boussel Pierre Homme
96%
Mamère Noël Homme
96%
Poutou Philippe Homme
96%
Jadot Yannick Homme
96%
Sebag Jean-Claude Homme
91%
Lalonde Brice Homme
91%
Juquin Pierre Homme
91%
Schivardi Gérard Homme
91%
Asselineau François Homme
91%
Laguiller Arlette Femme
87%
Defferre Gaston Homme
87%
Krivine Alain Homme
87%
Muller Emile Homme
87%
Renouvin Bertrand Homme
87%
Royal Ségolène Femme
83%
Arthaud Nathalie Femme
83%
Lecanuet Jean Homme
83%
Barbu Marcel Homme
83%
Duclos Jacques Homme
83%
Crépeau Michel Homme
83%
Waechter Antoine Homme
83%
Taubira Christiane Femme
78%
Boutin Christine Femme
78%
Joly Eva Femme
78%
Pécresse Valérie Femme
78%
Hidalgo Anne Femme
78%
Royer Jean Homme
78%
Lajoinie André Homme
78%
Le Pen Jean-Marie Homme
78%
Voynet Dominique Femme
74%
Lepage Corinne Femme
74%
Buffet Marie-Georges Femme
74%
Tixier-Vignancour Jean-Louis Homme
70%
Marcilhacy Pierre Homme
70%
Le Pen Marine Femme
57%
Garraud Marie-France Femme
39%
Bouchardeau Huguette Femme
39%
Aucun quiz correspondant
Distribution des résultats
% des personnes avec chaque résultat
Percentile par nombre de réponses
Votre historique - résultats
Vous n’avez pas pris ce quiz